Les Masies : el veïnat de Canyes / [autor: Ferran Sarrià i Saracho] el veïnat de Canyes / [autor:
Descripción Física:
93 p. : il. ; 20 x 21 cm
Colección:
Quaderns de Vilamajor ; 2
MARC
| LEADER | 00000nam a2200000Ia 4500 | ||
|---|---|---|---|
| 001 | 14833 | ||
| 008 | 160829s2002 xx 000 0 cat d | ||
| 080 | |a B-2-21 | ||
| 100 | |a Sarrià i Saracho, Ferran |9 25362 | ||
| 245 | |a Les Masies : |b el veïnat de Canyes / [autor: |b Ferran Sarrià i Saracho] | ||
| 260 | |a [Sant Pere de Vilamajor] : |b Centre d'Estudis de Sant Pere de Vilamajor, |c 2002 | ||
| 300 | |a 93 p. : |b il. ; |c 20 x 21 cm | ||
| 490 | |a Quaderns de Vilamajor ; 2 | ||
| 590 | |a Glossari. | ||
| 590 | |a Bibliografia | ||
| 650 | |a Masos, masies, etc. |x Sant Pere de Vilamajor |9 25363 | ||
| 710 | 2 | |a Centre d'Estudis de Sant Pere de Vilamajor |9 53165 | |
| 901 | |a Arxiu | ||
| 942 | |n 1 | ||
| 952 | |0 0 |1 0 |4 0 |6 B221 |7 1 |9 43579 |a Arxiu |b Arxiu |d 2016-12-01 |l 0 |o B-2-21 |p 14833 |r 2016-12-01 00:00:00 |w 2016-12-01 |y ARXIU | ||
| 999 | |c 46126 |d 46126 | ||